000 00741nam a2200253Ia 4500
003 OSt
005 20220928105114.0
006 a|||||r|||| 00| 0
007 ta
008 220927b |||||||| |||| 00| 0 eng d
020 _c990
024 _a116537
037 _b141, 06/09/2012, Classic Book Service
_cTextual
040 _aSDCL
_cSDCL
_beng
041 _2eng
_aeng
082 _aY38.2'P, Q2
100 _aChaube Shibani Kinkar
_9413792
245 0 _aPolitics of nation building in India.
260 _aNew Delhi
_bGyan
_c2012
300 _a332p
_ccm.
650 _aPolitical Science
942 _hY38.2'P, Q2
_cTEXL
_2CC
999 _c729611
_d729611